000 00856nam a2200265 a 4500
001 6611
003 BD-RjUL
005 20211208234258.0
008 110114s1957 nyu b 000 0 eng d
035 _aCURL 020000144372(Edi) from wsc128
035 _a(OCoLC)1023894
_a(BD-RjUL)6652
040 _aDLC
_cDLC
_dm.c/EUX
_dBD-RjUL
_beng
041 1 _aeng
_hund
082 0 4 _a512.81
_218
_bPER 1957
100 1 _aPéter, Rózsa,
_d1905-1977.
_920793
245 0 0 _aRecursive functions /
_cby Dr. Rózsa Péter [translated by Istvan Foldes]
260 _aNew York :
_bAcademic Press ;
_aBudapest :
_bAkadémiai Kiadó,
_c1957
300 _a278 p. ;
_c24 cm
500 _aTranslation of Rekursive funktionen
650 0 _aRecursive functions
_920794
942 _2ddc
_cBK
999 _c6611
_d6611